00243nam a22000857a 4500082001400000100002500014245005100039260004700090300002000137 a891.43905 aHassan, Syed Munawar aMahnama Sayyarah Lahore /cSyed Munawar Hassan aLahore :bIdhara Tarjaman ul Quran,c2011. a581 p. ;c27cm.